000 00493nam a22001817a 4500
999 _c7450
_d7450
003 OSt
005 20211111123702.0
008 211111b ||||| |||| 00| 0 eng d
020 _a9781615253852
040 _cNLM
082 _aWW100
_b18a 2013
245 _aIntraocular Inflammation and Uveitis
260 _aSan Francisco
_bAmerican Academy of Ophthalmology
_c2013
300 _axii,372p
_bill; (some col)
_c25
504 _aincludes index
650 _aOphthalmology
_9338
942 _2z
_cBOOK